| 000 | 01183nam a2200241 a 4500 | ||
|---|---|---|---|
| 005 | 20110401115638.0 | ||
| 010 | _a B-425061 | ||
| 020 |
_a8173052638 _c1250.00 |
||
| 035 | _a B-425061 | ||
| 037 | _bResearchco Book Centre | ||
| 082 | _a709.54 | ||
| 245 | 0 | 0 |
_aIndian art and aesthetics : _bendeavours in interpretation / _cedited by Maruti Nandan Tiwari (and) Kamal Giri |
| 260 |
_aNew Delhi _bIndian Art History Congress in association with Aryan Books International, New Delhi, _c2004 |
||
| 270 |
_aPooja Apartments, 4B, Ansari Road, Daryaganj _bNew Delhi _e110002 |
||
| 300 |
_axii, 110 p. _bill. (some col.) _c28 cm(Hb) |
||
| 650 | 0 |
_aArt, Indic. _932140 |
|
| 700 | 1 |
_aTiwari, Maruti Nandan _926931 |
|
| 700 | 1 |
_aGiri, Kamal _926932 |
|
| 710 | 2 |
_aIndian Art History Congress. _926933 |
|
| 942 |
_2ddc _cEN _mIND _h709.54 |
||
| 999 |
_c51361 _d51361 |
||